| 000 | 00869cab a2200289 4500 | ||
|---|---|---|---|
| 001 | ABS57154 | ||
| 008 | 090401t1997 xxu||||| |||| 00| 0 eng d | ||
| 035 | _a(Sirsi) u79210 | ||
| 041 | _aeng | ||
| 100 | _aWhite, G. | ||
| 245 | 2 | _aA restricted area | |
| 260 | _c1997 | ||
| 350 | _a0 | ||
| 490 |
_aProperty Week _v20 June 1997, 22(1) |
||
| 520 | _aDiscusses user clauses in leases in the light of recent cases. | ||
| 650 | _aCOOPERATIVE INSURANCE SOCIETY LTD V ARGYLL STORES (HOLDINGS) LTD | ||
| 650 | _aCOVENANTS | ||
| 650 | _aCROWN ESTATE COMMISSIONERS V SIGNET GROUP | ||
| 650 | _aESTATE MANAGEMENT PLAN | ||
| 650 | _aKEEP OPEN CLAUSES | ||
| 650 | _aROMULUS TRADING CO LTD V COMET PROPERTIES LTD | ||
| 650 | _aSUNDAY TRADING | ||
| 650 | _aUSER CLAUSES | ||
| 690 | _aLANDLORD AND TENANT-BUSINESS TENANCIES | ||
| 942 | _n0 | ||
| 948 | _c25/06/1997 | ||
| 999 |
_c49797 _d49797 |
||